00383nam a2200145Ia 4500008004100000020001500041041001200056082001600068100002500084245007100109250000800180260002500188300000800213650001600221221030s9999 xx 000 0 und d a8120311752 aEnglish a105.23bHaw aI. T. Hawryszkiewyez 0aIntroduction to Systems Analysis & Designcby I. T. Hawryszkiewyez a3rd bPHIaNew Delhic1999 a490 aBE Computer